000 00216 a2200097 4500
001 32562
100 _aZ U L
245 _aHayate Jawaidaan
260 _aKarachi
_bNational Books Foundation
_c
090 _c21777
_d21777
942 _aNUST-CAE
_cM
_c13088
999 _c267635
_d267635